<?xml version="1.0" encoding="UTF-8"?><?xml-stylesheet type="text/xsl" href="static/style.xsl"?><OAI-PMH xmlns="http://www.openarchives.org/OAI/2.0/" xmlns:xsi="http://www.w3.org/2001/XMLSchema-instance" xsi:schemaLocation="http://www.openarchives.org/OAI/2.0/ http://www.openarchives.org/OAI/2.0/OAI-PMH.xsd"><responseDate>2026-04-17T23:14:57Z</responseDate><request verb="GetRecord" identifier="oai:riubu.ubu.es:10259/6207" metadataPrefix="marc">https://riubu.ubu.es/oai/request</request><GetRecord><record><header><identifier>oai:riubu.ubu.es:10259/6207</identifier><datestamp>2022-11-21T12:44:04Z</datestamp><setSpec>com_10259_5377</setSpec><setSpec>com_10259_5086</setSpec><setSpec>com_10259_2604</setSpec><setSpec>col_10259_5378</setSpec></header><metadata><record xmlns="http://www.loc.gov/MARC21/slim" xmlns:doc="http://www.lyncode.com/xoai" xmlns:xsi="http://www.w3.org/2001/XMLSchema-instance" xmlns:dcterms="http://purl.org/dc/terms/" xsi:schemaLocation="http://www.loc.gov/MARC21/slim http://www.loc.gov/standards/marcxml/schema/MARC21slim.xsd">
<leader>00925njm 22002777a 4500</leader>
<datafield tag="042" ind1=" " ind2=" ">
<subfield code="a">dc</subfield>
</datafield>
<datafield tag="720" ind1=" " ind2=" ">
<subfield code="a">Juez Gil, Mario</subfield>
<subfield code="e">author</subfield>
</datafield>
<datafield tag="720" ind1=" " ind2=" ">
<subfield code="a">Arnaiz González, Álvar</subfield>
<subfield code="e">author</subfield>
</datafield>
<datafield tag="720" ind1=" " ind2=" ">
<subfield code="a">Rodríguez Diez, Juan José</subfield>
<subfield code="e">author</subfield>
</datafield>
<datafield tag="720" ind1=" " ind2=" ">
<subfield code="a">López Nozal, Carlos</subfield>
<subfield code="e">author</subfield>
</datafield>
<datafield tag="720" ind1=" " ind2=" ">
<subfield code="a">García Osorio, César</subfield>
<subfield code="e">author</subfield>
</datafield>
<datafield tag="260" ind1=" " ind2=" ">
<subfield code="c">2021-10</subfield>
</datafield>
<datafield tag="520" ind1=" " ind2=" ">
<subfield code="a">The Rotation Forest classifier is a successful ensemble method for a wide variety of data mining applications. However, the way in which Rotation Forest transforms the feature space through PCA, although powerful, penalizes training and prediction times, making it unfeasible for Big Data. In this paper, a MapReduce Rotation Forest and its implementation under the Spark framework are presented. The proposed MapReduce Rotation Forest behaves in the same way as the standard Rotation Forest, training the base classifiers on a rotated space, but using a functional implementation of the rotation that enables its execution in Big Data frameworks. Experimental results are obtained using different cloud-based cluster configurations. Bayesian tests are used to validate the method against two ensembles for Big Data: Random Forest and PCARDE classifiers. Our proposal incorporates the parallelization of both the PCA calculation and the tree training, providing a scalable solution that retains the performance of the original Rotation Forest and achieves a competitive execution time (in average, at training, more than 3 times faster than other PCA-based alternatives). In addition, extensive experimentation shows that by setting some parameters of the classifier (i.e., bootstrap sample size, number of trees, and number of rotations), the execution time is reduced with no significant loss of performance using a small ensemble.</subfield>
</datafield>
<datafield tag="024" ind2=" " ind1="8">
<subfield code="a">1566-2535</subfield>
</datafield>
<datafield tag="024" ind2=" " ind1="8">
<subfield code="a">http://hdl.handle.net/10259/6207</subfield>
</datafield>
<datafield tag="024" ind2=" " ind1="8">
<subfield code="a">10.1016/j.inffus.2021.03.007</subfield>
</datafield>
<datafield ind1=" " ind2=" " tag="653">
<subfield code="a">Rotation Forest</subfield>
</datafield>
<datafield ind1=" " ind2=" " tag="653">
<subfield code="a">Random Forest</subfield>
</datafield>
<datafield ind1=" " ind2=" " tag="653">
<subfield code="a">Ensemble learning</subfield>
</datafield>
<datafield ind1=" " ind2=" " tag="653">
<subfield code="a">Machine learning</subfield>
</datafield>
<datafield ind1=" " ind2=" " tag="653">
<subfield code="a">Big Data</subfield>
</datafield>
<datafield ind1=" " ind2=" " tag="653">
<subfield code="a">Spark</subfield>
</datafield>
<datafield tag="245" ind1="0" ind2="0">
<subfield code="a">Rotation Forest for Big Data</subfield>
</datafield>
</record></metadata></record></GetRecord></OAI-PMH>